000
00269nam a2200121Ia 4500
008
191201s2019 xx 000 0 und d
100
_a
POONNIAH,Paulraj
245
0
_a
Data Warehousing Fundamentals
260
_b
PHI
300
_a
516
650
_a
MCA
942
_2
ddc
_c
BK
999
_c
7146
_d
7146